| 000 | 00882nam a2200301 a 4500 | ||
|---|---|---|---|
| 003 | AR-BaBNM | ||
| 005 | 20251128205315.0 | ||
| 008 | 082120s2002 ||||||||||||||000 | spa|| | ||
| 020 | _a950-843-174-1 | ||
| 040 | _cAR-BaBNM | ||
| 100 | 1 | _aGlanzmann, Cecilia | |
| 245 | 0 | 0 | _aAmor de remolacha |
| 260 |
_aBuenos Aires _bVinciguerra _c1996 |
||
| 300 |
_a57 p. _bil. |
||
| 490 | 0 | _aLos autores del grupo literario encuentro | |
| 500 | _aContiene una breve reseña de la obra a cargo de María Granata | ||
| 650 | 4 | _aLITERATURA INFANTIL | |
| 650 | 4 | _aLIBROS PARA NIÑOS | |
| 650 | 4 | _aCUENTOS DE ANIMALES | |
| 650 | 4 | _aCUENTOS DE AVENTURAS | |
| 650 | 4 | _aCOSTUMBRES Y TRADICIONES | |
| 653 | _aPOESIA INFANTIL | ||
| 655 | _aLITERATURA | ||
| 700 | 1 |
_aGlanzmann, María Valeria _eilustrador |
|
| 700 | 1 |
_aGlanzmann, Ariadna _eilustrador |
|
| 942 | _cBK | ||
| 998 | _cMARTIN | ||
| 999 |
_c10852 _d10852 |
||